Reforma a la administración pública : (Registro nro. 5909)
[ vista simple ]
| 000 -LEADER | |
|---|---|
| fixed length control field | 00959nam a2200229Ia 4500 |
| 003 - CONTROL NUMBER IDENTIFIER | |
| control field | OSt |
| 005 - DATE AND TIME OF LATEST TRANSACTION | |
| control field | 20200805153521.0 |
| 008 - FIXED-LENGTH DATA ELEMENTS--GENERAL INFORMATION | |
| fixed length control field | 191128t1999 ck fr 000 0 spa d |
| 040 ## - CATALOGING SOURCE | |
| Original cataloging agency | CO-JMCR |
| Transcribing agency | CO-JMCR |
| 041 0# - LANGUAGE CODE | |
| Language code of text/sound track or separate title | spa |
| 082 04 - DEWEY DECIMAL CLASSIFICATION NUMBER | |
| Classification number | 343.09026 / |
| Item number | E558r |
| Edition number | 23 |
| 110 2# - MAIN ENTRY--CORPORATE NAME | |
| Corporate name or jurisdiction name as entry element | Empresas Públicas de Medellín E.S.P |
| 9 (RLIN) | 8465 |
| 245 10 - TITLE STATEMENT | |
| Title | Reforma a la administración pública : |
| Remainder of title | servicios públicos domiciliarios / |
| Statement of responsibility, etc. | Empresas Públicas de Medellín E.S.P |
| 260 ## - PUBLICATION, DISTRIBUTION, ETC. | |
| Place of publication, distribution, etc. | Medellín : |
| Name of publisher, distributor, etc. | Dike, |
| Date of publication, distribution, etc. | ©1999 |
| 300 ## - PHYSICAL DESCRIPTION | |
| Extent | 349 páginas ; |
| Dimensions | 24 cm. |
| 490 0# - SERIES STATEMENT | |
| Series statement | Biblioteca Jurídica Diké |
| 505 0# - FORMATTED CONTENTS NOTE | |
| Formatted contents note | Ley 489 de diciembre 29 de 1998 -- Decreto 1122 de junio 26 de 1999 -- Decreto 1130 de junio 29 de 1999 -- Decreto1141 de junio 29 de 1999 -- Decreto 1165 de junio 29 de 1999 -- Decreto 1180 de junio 29 de 1999 |
| 650 14 - SUBJECT ADDED ENTRY--TOPICAL TERM | |
| Topical term or geographic name entry element | Administración pública |
| 9 (RLIN) | 8466 |
| 650 14 - SUBJECT ADDED ENTRY--TOPICAL TERM | |
| Topical term or geographic name entry element | Reforma servicios públicos |
| 9 (RLIN) | 8467 |
| 650 14 - SUBJECT ADDED ENTRY--TOPICAL TERM | |
| Topical term or geographic name entry element | Servicios públicos |
| 9 (RLIN) | 8468 |
| 942 ## - ADDED ENTRY ELEMENTS (KOHA) | |
| Source of classification or shelving scheme | Dewey Decimal Classification |
| Koha item type | Books |
| Withdrawn status | Lost status | Source of classification or shelving scheme | Damaged status | Not for loan | Collection code | Home library | Current library | Date acquired | Source of acquisition | Full call number | Barcode | Date last seen | Copy number | Koha item type |
|---|---|---|---|---|---|---|---|---|---|---|---|---|---|---|
| Dewey Decimal Classification | Non-fiction | Biblioteca Pública José María del Castillo y Rada | Biblioteca Pública José María del Castillo y Rada | 04/15/2018 | Donación | 343.09026 / E558r | 430008114 | 05/16/2024 | Ej.1 | Books |